[Event "Aeroflot Open 2017"]
[Site "Moscow"]
[Date "2017.02.24"]
[Round "4"]
[White "Vavulin, Maksim"]
[Black "Mamedov, Rauf"]
[Result "0-1"]
[WhiteElo "2604"]
[BlackElo "2688"]
[Annotator "TA"]
[PlyCount "68"]
[EventDate "2017.??.??"]

1. e4 c5 2. Nf3 Nc6 3. Nc3 g6 4. d4 cxd4 5. Nxd4 Bg7 6. Be3 Nf6 7. Bc4 O-O 8.
Bb3 d6 9. f3 Bd7 10. Qd2 Nxd4 11. Bxd4 b5 12. h4 a5 13. h5 a4 14. Bd5 b4 15.
Bxf6 exf6 16. Ne2 Rc8 17. hxg6 hxg6 18. g4 {LiveBook: 3 Games} Be6 19. Bxe6
fxe6 20. Nf4 {The position is equal.} Re8 21. Nxg6 Qc7 22. Nf4 a3 23. Kd1 $1 ({
Don't go for} 23. Qxb4 $2 axb2 24. Rb1 f5 $19) 23... axb2 24. Rb1 Qc3 25. Nd3
Qxd2+ 26. Kxd2 {[#]} f5 $1 $36 {Black is pushing.} 27. gxf5 (27. exf5 exf5)
27... exf5 28. exf5 (28. Nxb2 $11 fxe4 29. fxe4) 28... Bc3+ $1 $15 29. Kd1 Ra8
30. Nxb2 Rxa2 31. Nd3 Kf7 {Black has compensation.} 32. Kc1 $2 {[#]} (32. Nc1
$15 Ra5 33. f4) 32... b3 $1 $19 33. Rh2 $2 ({But not} 33. cxb3 $2 Ree2 34. Nb2
Bxb2+ 35. Rxb2 Rexb2 $19) (33. Rxb3 $19 Ra1+ 34. Rb1 Rxb1+ 35. Kxb1) (33. Rxb3
Ra1+) 33... Rg8 34. Rh7+ Kf8 0-1

[Event "Aeroflot Open 2017"]
[Site "Moscow"]
[Date "2017.02.24"]
[Round "4"]
[White "Rozum, Ivan"]
[Black "Kotronias, Vasilios"]
[Result "1/2-1/2"]
[WhiteElo "2601"]
[BlackElo "2524"]
[Annotator "TA"]
[PlyCount "88"]
[EventDate "2017.??.??"]

1. d4 Nf6 2. g3 c5 3. d5 b5 4. a4 b4 5. c4 bxc3 6. Nxc3 d6 7. Nf3 g6 8. Bg2 Bg7
9. O-O O-O {LiveBook: 8 Games} 10. e4 Nbd7 11. h3 Ba6 12. Re1 Rb8 13. Bf1 Bxf1
14. Kxf1 Rb4 15. Qc2 Qb6 16. Kg2 Qa6 17. Na2 Rbb8 (17... Qxa4 $6 {[#]} 18. Nxb4
$1 Qxa1 19. Bg5 $16) 18. Rb1 c4 19. Be3 Rfc8 20. Rec1 Qb7 21. Nc3 Nc5 22. Rd1
Nfd7 23. Nb5 Qa6 24. Nbd4 Kf8 (24... Qxa4 $6 25. Qxa4 Nxa4 26. Nc6 $16) 25. Nc6
Rb7 (25... Qxa4 $6 26. Qxa4 Nxa4 27. Nxb8 Rxb8 28. Rdc1 $16 (28. Bxa7 Rxb2 29.
Rdc1 Rxb1 30. Rxb1 Bc3 $16)) 26. Nd2 Qxa4 27. Qxa4 (27. Qxc4 Qxc4 28. Nxc4 Nxe4
$15) 27... Nxa4 28. Nxc4 Nb8 (28... Nxb2 $6 29. Rdc1 $16) 29. N4a5 Rxb2 {
The position is equal.} 30. Bxa7 Nxc6 31. Nxc6 ({Much worse is} 31. dxc6 Bc3
32. Rxb2 Nxb2 $17) 31... Rxb1 32. Rxb1 Nc3 33. Rb4 f5 34. f3 fxe4 35. fxe4 e6
36. Bb8 exd5 37. Bxd6+ Ke8 38. Na7 Rd8 39. e5 Ne4 40. Rb7 Rd7 ({Reject} 40...
Nxd6 $6 41. Rxg7 Nf5 42. Rxh7 $16) 41. Rb8+ Kf7 42. Nb5 {Hoping for Nc7.} Nxd6
43. exd6 ({Much weaker is} 43. Nxd6+ Ke6 44. Re8+ Re7 45. Rxe7+ Kxe7 $17) 43...
Be5 44. Rb6 Ke6 1/2-1/2

[Event "Aeroflot Open 2017"]
[Site "Moscow"]
[Date "2017.02.24"]
[Round "4"]
[White "Kovalev, Vladislav"]
[Black "Movsesian, Sergei"]
[Result "1-0"]
[WhiteElo "2598"]
[BlackElo "2679"]
[Annotator "TA"]
[PlyCount "185"]
[EventDate "2017.??.??"]

1. e4 e5 2. Nf3 Nc6 3. Bb5 Nf6 4. O-O Nxe4 5. d4 Nd6 6. Bxc6 dxc6 7. dxe5 Nf5
8. Qxd8+ Kxd8 9. Nc3 Ke8 10. h3 h5 11. Ne2 Be7 12. Bg5 Be6 13. Nf4 Bd5 14. Nxd5
cxd5 {LiveBook: 8 Games} 15. Rad1 c6 16. Rd3 f6 {White has an edge.} 17. exf6
gxf6 18. Nh4 Nxh4 19. Bxh4 Kf7 20. c4 dxc4 21. Rd7 {Hoping for Re1.} Rhd8 22.
Rxb7 {Black must now prevent Re1.} Rdb8 23. Rc7 Rc8 24. Bg3 Rxc7 25. Bxc7 $11 {
Endgame KRB-KRB} a6 26. Rc1 Ra7 $1 27. Bb6 Rb7 28. Bd4 c5 29. Bc3 Rd7 30. Kf1
f5 31. Ke2 Bd6 32. Kf3 Bc7 33. Be1 Rd4 34. Ke2 Re4+ 35. Kf1 Rd4 36. Bc3 Rd8 37.
Ke2 Re8+ 38. Kf3 Rd8 39. Rg1 Rd7 40. Rh1 Kg6 41. Re1 Kf7 42. Ra1 Rd8 43. Rh1
Kg6 44. Re1 {aiming for Re6+.} Kf7 45. Re3 Rd1 46. Be5 Ba5 47. Bc3 Bc7 48. Ke2
Rd5 49. g3 Rd7 50. Kf3 Rd1 51. g4 Rh1 (51... fxg4+ $14 52. hxg4 h4) 52. gxf5
$16 Rxh3+ 53. Kg2 Rh2+ {[#]} 54. Kg1 $1 Rh4 55. Re6 Rg4+ 56. Kf1 h4 {...h3 is
the strong threat.} 57. Rxa6 ({White should play} 57. Rh6 $16 Bf4 58. Rh7+ (58.
Rxa6 $2 h3 59. Ke2 h2 60. Ra7+ Ke8 $19) 58... Kf8 59. f6) 57... h3 $1 $11 {
Threatens to win with ...h2.} 58. Ra7 h2 59. Rxc7+ {KRB-KR} Kg8 60. Rc8+ Kf7
61. Rh8 Rg1+ 62. Ke2 h1=Q 63. Rxh1 Rxh1 {KR-KB} 64. Ke3 Rd1 65. Ke4 Rd7 66. a4
Ke7 67. Ke5 Rd3 68. a5 Rd1 69. f4 Rd3 70. Ke4 Rd1 71. Be5 Kd7 $2 {[#]} (71...
Ra1 $11) 72. a6 $1 $18 Ra1 73. Kd5 Rxa6 74. Kxc5 ({Worse is} 74. Kxc4 Kc6 $11)
74... Ra4 75. Bc3 Ra1 76. Kxc4 Rf1 77. Be5 Kc6 78. b4 {White mates.} Rc1+ 79.
Bc3 Rf1 80. b5+ Kd7 81. Be5 Rc1+ 82. Kd5 Rb1 83. Kc5 Rc1+ 84. Kb6 Rh1 85. f6
Rh7 86. Kc5 Rh1 87. b6 Rc1+ 88. Kb5 Rb1+ 89. Ka5 Rb3 90. f7 Ke7 91. Ka6 Ra3+
92. Kb5 Rb3+ 93. Kc6 1-0

[Event "Aeroflot Open 2017"]
[Site "Moscow"]
[Date "2017.02.24"]
[Round "4"]
[White "Bindrich, Falko"]
[Black "Lorparizangeneh, Shahin"]
[Result "1-0"]
[WhiteElo "2590"]
[BlackElo "2519"]
[Annotator "TA"]
[PlyCount "75"]
[EventDate "2017.??.??"]

1. d4 Nf6 2. c4 g6 3. Nf3 Bg7 4. g3 O-O 5. Bg2 c6 6. Nc3 d5 7. cxd5 cxd5 8. Ne5
Bf5 9. O-O Ne4 10. Bf4 Nc6 11. Rc1 Nxc3 {LiveBook: 3 Games} 12. bxc3 Na5 13.
Qa4 Rc8 {The position is equal.} 14. Rfd1 Re8 15. c4 f6 $2 (15... Nxc4 $11 {
and Black is okay.} 16. Qxa7 Qb6 17. Qxb6 Nxb6) 16. Bd2 $2 (16. cxd5 Rxc1 17.
Rxc1 fxe5 18. dxe5 a6 $14) (16. Bxd5+ $18 e6 17. Bf3) 16... fxe5 $14 17. Bxa5
b6 {Threatens to win with ...Bd7.} 18. Be1 {And now dxe5 would win.} exd4 19.
cxd5 Qd7 20. Rc6 e5 21. e4 (21. Rdc1 $14) 21... dxe3 $1 $11 22. fxe3 Bh6 23.
Bf2 e4 24. Bf1 Bg4 25. Rdc1 Kh8 (25... Rf8 $11) 26. Qd4+ ({White should try} 
26. h3 $1 $16 Bxh3 27. Bxh3 Qxh3 28. Rxc8 Rxc8 29. Rxc8+ Qxc8 30. Qxe4 (30.
Qxa7 Qg4 $11)) 26... Bg7 27. Qc4 {Black must now prevent h3!} Rcd8 28. d6 Re6
29. h3 Bf3 30. Qa6 Rxd6 31. Rc7 Qe6 $2 (31... Qf5 $1 $11 {and Black stays safe.
}) 32. Qxa7 $18 ({Weaker is} 32. Rxa7 h5 33. Be1 R8d7 $11) 32... Qe5 {[#]} (
32... Qg8 $142 33. Be1 b5) 33. Be1 $1 {Hoping for Re7.} Rd3 $2 (33... Rd2 34.
Qxb6 h5 35. Qxg6 R2d6) 34. Rxg7 ({Less strong is} 34. Bxd3 exd3 35. Rc8 Qxe3+
36. Bf2 Qe8 37. Rxd8 Qxd8 38. Qxb6 Qxb6 39. Rc8+ {[#]} Bf8 $1 40. Bxb6 d2 41.
Rxf8+ Kg7 $14) 34... Qxg7 35. Rc7 $2 $40 {Black is in trouble.} (35. Qxb6 $18 {
is the precise move to win.} h5 36. Bxd3 Rxd3 37. Rc7) 35... Qf6 $2 (35... R3d7
$16 36. Rxd7 Qxd7 37. Bc3+ Kg8 38. Qxb6 Rc8) 36. Bxd3 {White mates.} exd3 37.
Bc3 Qxc3 38. Rxh7+ (38. Rxc3 $2 {is the wrong capture.} d2 39. Qa4 d1=Q+ $19)
1-0

[Event "Aeroflot Open 2017"]
[Site "Moscow"]
[Date "2017.02.24"]
[Round "4"]
[White "Alekseenko, Kirill"]
[Black "Debashis, Das"]
[Result "1/2-1/2"]
[WhiteElo "2588"]
[BlackElo "2472"]
[Annotator "TA"]
[PlyCount "121"]
[EventDate "2017.??.??"]

1. e4 c5 2. Nc3 d6 3. Nf3 Nf6 4. d4 cxd4 5. Nxd4 a6 6. h3 g6 7. g4 Bg7 8. Be3
Nc6 9. Bg2 O-O 10. O-O Bd7 11. Qd2 Rc8 {LiveBook: 4 Games} 12. Nde2 b5 13. Rad1
Ne5 {White has an edge.} 14. b3 $1 Bc6 15. Nd5 Bb7 16. Rfe1 Nfd7 17. Ng3 Re8
18. Bg5 Nc6 19. Qe3 (19. e5 $11 Bxe5 20. f4 Bd4+ 21. Kh2) 19... Ba8 20. Re2 Qa5
21. Bh6 Bxh6 22. Qxh6 Qxa2 23. e5 Ncxe5 {And now ...Bxd5 would win.} 24. Be4 {
White threatens Nh5! and mate.} Nf8 {White must now prevent ...Bxd5.} 25. f4 $1
Bxd5 $1 26. Rxd5 ({White has to play} 26. Bxd5 $15 Rxc2 27. fxe5 Rxe2 28. Nxe2
Qxe2 29. Rf1) 26... Qa1+ 27. Kh2 Ned7 28. Nh5 (28. f5 $17 {might work better.})
28... Qh8 $19 29. f5 $2 (29. Ng3 {is tougher.}) 29... gxh5 30. Rg2 Qf6 31. Qxh5
Qc3 32. g5 Ng6 33. fxg6 hxg6 34. Qe2 Rc5 35. Rg3 Qh8 36. Rxc5 Nxc5 37. Bc6 Rc8
38. Qxe7 Qe5 39. Qxe5 dxe5 {Endgame KRB-KRN} 40. Bd5 Rc7 (40... Rd8 $19 41. c4
e4) 41. Re3 (41. b4 $1 $15) 41... Nd7 $17 42. Rf3 Nb6 43. Be4 {[#]} a5 $1 44.
Rf6 Nd7 45. Ra6 ({White should try} 45. Rd6) 45... Nc5 46. Ra8+ Kg7 47. Bd5 Rd7
48. Bg2 {[#]} a4 $1 49. Ra5 axb3 (49... Ne6 $17 50. bxa4 bxa4) 50. Rxb5 b2 51.
Rxb2 Rd2 {aiming for ...Nd3!} 52. Kg3 e4 53. Rb1 Rxc2 {Black is slightly
better.} 54. Re1 Rc3+ 55. Kg4 Rc4 56. Re3 f5+ 57. gxf6+ $1 Kxf6 58. h4 Ke5 59.
h5 gxh5+ 60. Kxh5 Rc2 {[#]} 61. Bxe4 $1 1/2-1/2

[Event "Aeroflot Open 2017"]
[Site "Moscow"]
[Date "2017.02.24"]
[Round "4"]
[White "Karthikeyan, Murali"]
[Black "Kovalevskaya, Ekaterina"]
[Result "1-0"]
[WhiteElo "2578"]
[BlackElo "2423"]
[Annotator "TA"]
[PlyCount "171"]
[EventDate "2017.??.??"]

1. e4 c5 2. Nf3 Nc6 3. Bb5 g6 4. O-O Bg7 5. Nc3 e5 6. d3 Nge7 7. Bg5 h6 {
LiveBook: 6 Games} 8. Bh4 O-O 9. Bc4 Kh7 {The position is equal.} 10. Nd5 f6
11. c3 d6 12. d4 cxd4 13. cxd4 Bg4 14. dxe5 dxe5 15. h3 Bxf3 16. Qxf3 (16. gxf3
Nd4 17. Kg2 Rc8 $17) 16... Nd4 17. Qd1 Rc8 18. Nxe7 Qxe7 19. Qa4 a6 {And now ..
.b5 would win.} 20. Bd3 (20. Bd5 $11) 20... Rfd8 $36 {Black has some pressure.}
21. Rfd1 Rd6 22. Bf1 Rdc6 23. Rab1 Bf8 24. Kh1 Qd8 25. b4 (25. Rd3 $15) 25...
b5 $17 26. Qa3 g5 27. Bg3 Rc3 ({Black should try} 27... Qd6 $17 28. Bd3 {[#]}
a5 $1) 28. Qxa6 $11 Ra8 29. Qb7+ Rc7 30. Qd5 Rd7 31. Rxd4 $1 Rxd5 (31... exd4
$2 {is the wrong capture.} 32. Qf5+ (32. Qxb5 d3 $11) 32... Kh8 33. Bxb5 $18)
32. Rxd5 Qc8 33. Bxb5 Qc3 34. Bd7 Rxa2 (34... Bxb4 35. Bf5+ Kh8 36. Rd7 $18)
35. Bf5+ Kh8 36. Rd8 Ra1 37. Rxa1 Qxa1+ 38. Kh2 Kg7 39. Rd7+ Kh8 40. Rf7 Bxb4
41. Rxf6 Bd2 42. Rxh6+ Kg7 43. Rg6+ Kf7 44. Re6 Bf4 45. Bxf4 exf4 {Endgame
KQ-KRB} ({Reject} 45... gxf4 $6 46. Rg6 $16) 46. Rg6 Qe1 47. Rxg5 Qxf2 48. e5
f3 49. Be4 Qe3 50. Bd5+ Ke7 {aiming for ...Qf4+.} 51. Rg7+ Kf8 52. Rg8+ Ke7 53.
Bxf3 Qf4+ (53... Qxe5+ $6 54. g3 $16) 54. Rg3 Ke6 ({Much worse is} 54... Qxe5
$6 55. h4 $16) 55. Bg4+ Kxe5 56. h4 Kf6 57. Kh3 Qc1 58. Rf3+ Kg7 59. Bf5 Qh1+
60. Kg3 Qe1+ 61. Kg4 Qe2 62. Kh3 Qe1 63. Rf4 Qh1+ 64. Kg3 Qc1 65. Rg4+ Kf6 66.
Be4 Qh1 67. Bf3 Qe1+ 68. Kh2 Kf5 69. h5 {Hoping for h6.} Qe5+ 70. Kh3 {
Threatens to win with h6.} Qe1 71. Re4 Qa1 72. Kh2 Kg5 73. Re6 Kf5 74. Rg6 Qe5+
(74... Qe1 $11 {remains equal.}) 75. g3 $16 Qb2+ 76. Kh3 {Bg4+ is the strong
threat.} Qc1 $2 (76... Qf2 $16 77. Bg4+ Ke5) 77. Bg4+ $18 Ke5 78. Re6+ Kd5 {[#]
} 79. Bf5 $1 Qd1 80. Kh4 Qd4+ 81. g4 Qg7 82. h6 Qf7 83. h7 Qg7 84. Re8 {
White mates.} Qh6+ 85. Kg3 Qd6+ 86. Kg2 1-0

[Event "Aeroflot Open 2017"]
[Site "Moscow"]
[Date "2017.02.24"]
[Round "4"]
[White "Sandipan, Chanda"]
[Black "Sjugirov, Sanan"]
[Result "1/2-1/2"]
[WhiteElo "2573"]
[BlackElo "2673"]
[Annotator "TA"]
[PlyCount "59"]
[EventDate "2017.??.??"]

1. e4 c5 2. Nf3 d6 3. Bb5+ Bd7 4. Bxd7+ Qxd7 5. c4 Nf6 6. Nc3 g6 7. d4 cxd4 8.
Nxd4 Bg7 9. f3 O-O 10. Be3 Nc6 11. O-O a6 12. a4 e6 13. Rc1 Ne5 14. b3 d5 15.
cxd5 exd5 {LiveBook: 4 Games} 16. exd5 Nxd5 17. Nxd5 Qxd5 {White is slightly
better.} 18. Nf5 Nxf3+ 19. Rxf3 Qxd1+ 20. Rxd1 gxf5 21. Rd7 Rfe8 22. Kf2 ({
Don't capture} 22. Rxb7 $2 {[#]} Rxe3 $1 23. Rxe3 Bd4 $19) 22... Rac8 23. Rxb7
Be5 24. Rxf5 Rc2+ 25. Kg1 $36 {White has some pressure.} Bd6 $1 26. Rd7 Rxe3
27. Rxd6 {next h3 is good for White.} Re1+ $1 ({But not} 27... Rxb3 $6 28. Rg5+
(28. Rxa6 Rb1+ 29. Rf1 Rbb2 30. Ra8+ Kg7 $11) 28... Kf8 29. h3 $16) 28. Rf1
Ree2 29. Kh1 Rxg2 30. Rg1 1/2-1/2

[Event "Aeroflot Open 2017"]
[Site "Moscow"]
[Date "2017.02.24"]
[Round "4"]
[White "Zhigalko, Andrey"]
[Black "Vidit, Santosh Gujrathi"]
[Result "1/2-1/2"]
[WhiteElo "2571"]
[BlackElo "2673"]
[Annotator "TA"]
[PlyCount "83"]
[EventDate "2017.??.??"]

1. e4 c5 2. Nf3 Nc6 3. d4 cxd4 4. Nxd4 Nf6 5. Nc3 e5 6. Ndb5 d6 7. Bg5 a6 8.
Na3 b5 9. Bxf6 gxf6 10. Nd5 f5 11. c3 Bg7 12. exf5 Bxf5 13. Nc2 O-O 14. Nce3
Be6 15. Bd3 f5 16. O-O Ra7 17. Qh5 e4 18. Bc2 {LiveBook: 3 Games} Ne7 19. Rad1
Nxd5 20. Nxd5 {White is slightly better.} Be5 21. f4 exf3 22. gxf3 ({White
should play} 22. Rxf3 $14 Qc8 23. Qh6) 22... Bf7 $11 {The position is equal.} (
22... Rg7+ $5 23. Kh1 $8 Rg6 $11) 23. Qh3 Bxd5 24. Rxd5 {Threatening f4.} Qg5+
25. Qg2 Rg7 {[#]} 26. Qxg5 Rxg5+ 27. Kh1 {Hoping for f4.} Re8 28. Re1 {f4! is
the strong threat.} Kf8 29. a4 bxa4 30. Bxa4 Rb8 31. Rd2 Rh5 32. Bc6 Rh4 33.
Ra1 Rb6 34. Bd7 Rf4 35. Kg2 Rb7 36. Bc6 Rb6 37. Bd7 Ke7 38. Bc8 Rb8 39. Bxa6
Rg8+ 40. Kh1 Rxf3 41. Rf1 Rxf1+ 42. Bxf1 1/2-1/2

[Event "Aeroflot Open 2017"]
[Site "Moscow"]
[Date "2017.02.24"]
[Round "4"]
[White "Ghaem Maghami, Ehsan"]
[Black "Tabatabaei, M amin"]
[Result "1/2-1/2"]
[WhiteElo "2566"]
[BlackElo "2507"]
[Annotator "TA"]
[PlyCount "119"]
[EventDate "2017.??.??"]

1. c4 e6 2. Nf3 Nf6 3. Nc3 d5 4. d4 c6 5. e3 Nbd7 6. Qc2 Bd6 7. b3 O-O 8. Be2
e5 9. cxd5 Nxd5 10. Nxd5 cxd5 11. dxe5 Nxe5 12. Bb2 Bb4+ 13. Kf1 Nxf3 14. Bxf3
Be6 15. Qd3 Be7 16. h4 Bf6 17. Bd4 Rc8 {LiveBook: 4 Games} 18. g3 Bxd4 19. Qxd4
({Much weaker is} 19. exd4 Rc6 $11) 19... Qa5 {White is slightly better.} 20.
Kg2 Rc2 21. Rhc1 Rfc8 22. Rxc2 Rxc2 23. b4 Qa3 24. Bxd5 Bxd5+ (24... Qb2 $11
25. Qxb2 Bxd5+ 26. Kg1 Rxb2) 25. Qxd5 $11 {Endgame KQR-KQR} h6 ({Not} 25...
Qxb4 $2 {[#]} 26. Rb1 $1 Qf8 27. Rxb7 $18) 26. Qxb7 ({White should try} 26.
Qd8+ $16 Kh7 27. Qd4) 26... Qxe3 {[#]} 27. Qc8+ $1 Rxc8 28. fxe3 $16 {KR-KR}
Rc3 29. Kf3 Ra3 $1 30. h5 Kf8 31. Ke4 Ke7 32. Kd4 f6 33. g4 (33. Rc1 $14) 33...
Kd6 $11 34. Ke4 Ke6 ({Black should play} 34... Ra4 $1 $11) 35. Rc1 (35. b5 $14)
35... Rxa2 {The position is equal.} 36. Rc7 Ra4 37. Kf3 f5 ({Much worse is} 
37... Rxb4 $6 38. Rxa7 f5 39. Rxg7 $16) 38. Rxg7 {Black must now prevent Rg6+.}
Rxb4 39. gxf5+ Kxf5 40. Rxa7 Kg5 41. Ra5+ Kh4 42. Rf5 {Intending Rf4+ and mate.
} Rg4 43. e4 Rg5 44. Kf4 Kxh5 45. Rf6 Rg1 46. Kf5 Rf1+ 47. Ke6 Re1 48. e5 Kg5
49. Rf5+ Kg6 50. Rf2 h5 51. Rg2+ Kh6 52. Kf6 Rf1+ 53. Ke7 Re1 54. e6 h4 55. Kf7
Kh5 56. e7 h3 57. Rg8 Kh4 58. e8=Q Rxe8 59. Rxe8 h2 60. Rg8 1/2-1/2

[Event "Aeroflot Open 2017"]
[Site "Moscow"]
[Date "2017.02.24"]
[Round "4"]
[White "Gordievsky, Dmitry"]
[Black "Berkes, Ferenc"]
[Result "1/2-1/2"]
[WhiteElo "2564"]
[BlackElo "2648"]
[Annotator "TA"]
[PlyCount "80"]
[EventDate "2017.??.??"]

1. Nf3 Nf6 2. c4 e6 3. g3 d5 4. b3 Be7 5. Bg2 O-O 6. O-O b6 7. Bb2 Bb7 8. e3 c5
9. Nc3 Nc6 10. cxd5 Nxd5 11. Nxd5 Qxd5 12. d4 Qf5 13. Ne5 Nxe5 14. Bxb7 Rad8 {
LiveBook: 6 Games} 15. Qb1 Nd3 16. Ba3 a5 17. Bg2 {[#] aiming for e4.} Nb4 18.
Be4 Qh5 19. Bb2 Bf6 20. a3 Nd5 21. dxc5 Bxb2 22. Qxb2 Nf6 23. Bg2 {Threatens
to win with c6.} Qxc5 24. b4 axb4 25. Qxb4 Qxb4 26. axb4 Nd5 27. b5 g6 28. Ra6
Rd6 29. Rd1 {[#] And now e4 would win.} Rfd8 30. Bxd5 exd5 $14 {Endgame KRR-KRR
} ({Don't play} 30... Rxd5 $6 31. Rxd5 Rxd5 32. Rxb6 $16) 31. Rc1 Kg7 32. Rc7
d4 33. exd4 Rf6 34. Ra4 Rd5 35. Rb4 h5 36. h4 g5 {The position is equal.} 37.
hxg5 Rxg5 38. Rc6 Rxb5 39. Rxb5 Rxc6 40. Rxh5 Rc4 1/2-1/2

[Event "Aeroflot Open 2017"]
[Site "Moscow"]
[Date "2017.02.24"]
[Round "4"]
[White "Indjic, Aleksandar"]
[Black "Gupta, Abhijeet"]
[Result "1/2-1/2"]
[WhiteElo "2560"]
[BlackElo "2645"]
[Annotator "TA"]
[PlyCount "67"]
[EventDate "2017.??.??"]

1. d4 Nf6 2. c4 g6 3. Nc3 d5 4. Nf3 Bg7 5. Qb3 dxc4 6. Qxc4 Be6 7. Qd3 c5 8. e4
O-O 9. d5 Bc8 10. Bg5 h6 {LiveBook: 3 Games} 11. Be3 e6 12. Bxc5 Re8 {White is
slightly better.} 13. d6 b6 14. Ba3 (14. Be3 $16) 14... Nc6 (14... a6 $14) 15.
Be2 a5 16. O-O Nb4 17. Qd2 Bb7 18. Bb5 Rf8 19. Rfe1 Rc8 {[#]} 20. Nd4 (20. e5
$1 $16 Nd7 21. Bxd7 Qxd7 22. Rac1) 20... Ng4 ({Black should try} 20... Rc5 $14)
21. Nf3 $2 (21. d7 $18 Rc7 22. Nb3) 21... Rc5 (21... Nf6 $1 $11) 22. Rad1 $16 {
Black must now prevent d7.} Qa8 ({Black should play} 22... f5 $14) 23. d7 (23.
Nd4 $16) 23... Rd8 $1 $14 24. Qd6 $36 {White has strong initiative.} Bc6 {[#]}
(24... Bxc3 $2 25. bxc3 Rxb5 26. Nd4 $18 (26. Bxb4 axb4 27. Nd4 Re5 $11) (26.
cxb4 Bxe4 27. Rxe4 Qxe4 $18)) 25. Bxc6 (25. h3 $1 $16 Rxb5 26. Nxb5 (26. hxg4
Rc5 $11) 26... Rxd7 27. Qg3 (27. hxg4 Rxd6 28. Nxd6 Nc2 $15)) 25... Qxc6 (25...
Rxc6 $11 {and Black has nothing to worry.} 26. Qd2 Rc5) 26. Na4 (26. Qxc6 $18
Rxc6 27. e5) 26... Qxd6 27. Rxd6 Rc2 28. Bxb4 axb4 29. Nxb6 Nxf2 (29... Bf8 $14
30. Rd2 Rxd2 31. Nxd2 Bc5) 30. Kf1 $2 (30. Nd4 $18 Be5 31. Nxc2 Bxd6 32. Kxf2
Bc5+ 33. Kf3 Bxb6 34. Rd1 (34. Nxb4 Rxd7 35. Rc1 Rd4 $14)) 30... Ng4 $11 ({
But not} 30... Rxb2 $6 31. Rc6 $16) 31. Re2 Rc1+ {The position is equal.} 32.
Re1 Rc2 ({Wrong is} 32... Bxb2 $2 33. Rxc1 Bxc1 34. h3 $18) 33. Re2 Rc1+ 34.
Re1 1/2-1/2

[Event "Aeroflot Open 2017"]
[Site "Moscow"]
[Date "2017.02.24"]
[Round "4"]
[White "Kuybokarov, Temur"]
[Black "Lalith Babu M R"]
[Result "1-0"]
[WhiteElo "2491"]
[BlackElo "2584"]
[Annotator "TA"]
[PlyCount "77"]
[EventDate "2017.??.??"]

1. e4 c6 2. d4 d5 3. e5 Bf5 4. Nf3 e6 5. Be2 Nd7 6. O-O Ne7 7. Nh4 Be4 8. Nd2
c5 9. c3 Nc6 10. Nxe4 dxe4 11. g3 Be7 12. d5 {LiveBook: 5 Games} Ncxe5 13. f4
exf3 14. Nxf3 {aiming for dxe6. The position is equal.} O-O 15. dxe6 fxe6 16.
Bf4 Bf6 17. Re1 Kh8 18. Qb3 {[#]} Qb6 {[#]} (18... c4 $1 $11 19. Qxb7 (19. Bxc4
Nxf3+) 19... Nc5) 19. Qxb6 $1 $16 axb6 20. Bxe5 Nxe5 21. Nxe5 Bxe5 22. Bc4 Bd6
{[#]} 23. Rad1 $1 $36 {White has strong initiative.} ({But not} 23. Bxe6 b5 $16
) 23... Rad8 24. Rxe6 (24. Bxe6 b5 $14) 24... Bc7 25. Rxd8 Bxd8 {Endgame
KRB-KRB} 26. a4 g6 27. Rd6 Kg7 28. Rd7+ Kf6 (28... Kh8 $16 29. Rxb7 Re8) 29.
Rxh7 $18 Be7 (29... Re8 $142 30. Rd7 Be7 31. Rxb7 Bd8 32. Rf7+ Ke5) 30. Kg2 b5
(30... Bd8 {keeps fighting.} 31. Rxb7 g5) 31. axb5 ({Much less strong is} 31.
Bxb5 Rf7 32. Rh4 Kg7 $18) 31... b6 32. h4 Bd8 33. Rd7 Ke5 34. Rd5+ Ke4 35. Rd6
g5 $2 (35... Kf5 {is a better defense.} 36. Bd3+ Ke5) 36. h5 {White is clearly
winning.} Rh8 37. h6 Ke5 38. Re6+ Kf5 {[#]} 39. h7 $1 1-0

[Event "Aeroflot Open 2017"]
[Site "Moscow"]
[Date "2017.02.24"]
[Round "4"]
[White "Tran, Tuan Minh"]
[Black "Oparin, Grigoriy"]
[Result "0-1"]
[WhiteElo "2491"]
[BlackElo "2625"]
[Annotator "TA"]
[PlyCount "110"]
[EventDate "2017.??.??"]

1. c4 e6 2. Nc3 c5 3. Nf3 Nf6 4. e3 Nc6 5. Be2 d5 6. cxd5 Nxd5 7. O-O Be7 {
LiveBook: 5 Games} 8. b3 Nxc3 9. dxc3 Qc7 {The position is equal.} 10. Bb2 O-O
11. Qc2 b6 12. Rad1 Bb7 13. Rd2 Rfd8 14. Bd3 h6 15. Rfd1 Bf6 16. h3 Kf8 17. Be2
Ne7 18. Ne1 Rxd2 19. Rxd2 Rd8 20. Rxd8+ Qxd8 21. Bc1 Nf5 22. c4 Nh4 23. g3 Ng6
24. Bf3 Qa8 25. Bxb7 Qxb7 26. f4 Ne7 27. Qg2 Qc8 28. Nd3 Qd8 29. Nf2 g5 30. Kf1
gxf4 31. exf4 {[#]} (31. gxf4 $11 {remains equal.} Nf5 32. Qf3) 31... Qd4 $1
$17 32. Qe4 Qc3 33. Qe3 $1 Qa1 {Strongly threatening ...Nf5.} 34. Qd2 $1 Bc3
35. Qc2 $1 Nf5 $36 {And now ... Ne3+ would win. Black has some pressure.} 36.
Nd1 $1 Nxg3+ 37. Kg2 {[#]} Ne2 $1 {Hoping for ...Bg7.} 38. Nxc3 (38. Qxe2 Qxc1)
38... Qxc3 39. Qxe2 (39. Qxc3 $17 {only move.} Nxc3 40. a3) 39... Qxc1 $15 {
Endgame KQ-KQ} 40. Kg3 Qc3+ 41. Kg2 Qd4 42. Kf3 Ke7 43. Qe1 Qd3+ 44. Kg4 f6 45.
Qh1 $2 (45. Kh4 {is a better chance.}) 45... Qe2+ 46. Kh4 Kf7 47. Qa8 Kg6 {
( -> ... Qf2+)} 48. Qg8+ Kf5 49. Qh7+ Kxf4 50. Qxh6+ Ke5 51. Qg7 $2 (51. Kg3
Qd3+ 52. Kg2) 51... Qf2+ $19 52. Kh5 Qf3+ $2 (52... Qf5+ 53. Kh4 Qf2+ 54. Kh5
Qxa2 55. Qg3+ Kd4) 53. Kh4 $2 (53. Qg4 Qd3 54. Kh4) 53... Ke4 (53... Kf5 $142
54. Qh7+ Kf4) 54. Qg6+ Ke3 55. Qg1+ Qf2+ 0-1

[Event "Aeroflot Open 2017"]
[Site "Moscow"]
[Date "2017.02.24"]
[Round "4"]
[White "Narayanan, Srinath"]
[Black "Kuzubov, Yuriy"]
[Result "1-0"]
[WhiteElo "2474"]
[BlackElo "2643"]
[Annotator "TA"]
[PlyCount "77"]
[EventDate "2017.??.??"]

1. e4 c5 2. Nf3 d6 3. d4 cxd4 4. Nxd4 Nf6 5. Nc3 a6 6. h3 e5 7. Nde2 b5 8. g4
b4 9. Nd5 Nxd5 10. Qxd5 Ra7 11. Be3 Be6 12. Qd3 Rb7 13. Bg2 Be7 {LiveBook: 5
Games} 14. Ng3 g6 15. O-O Qc7 {The position is equal.} 16. Rfd1 O-O 17. Bh6 Rc8
18. Nf5 Bf8 19. Qe3 (19. Nxd6 $2 Bxh6 20. Nxc8 Qxc8 $19) 19... Rb6 (19... gxf5
$2 20. exf5 Ra7 21. Qg5+ (21. fxe6 fxe6 22. Qg5+ Bg7 $18) 21... Kh8 22. Qf6+
Kg8 23. Qg5+ Kh8 24. Qf6+ Kg8 25. Qg5+ $18) (19... Qxc2 $2 20. Rdc1 (20. Nxd6
Rd7 21. Rdc1 Bxh6 $11) 20... Qxb2 {[#]} 21. Rxc8 $1 Bxc8 22. Rc1 Bxf5 23. exf5
$18) 20. Rd2 f6 21. Bxf8 Rxf8 22. Ng3 Nd7 23. a3 a5 24. axb4 axb4 25. b3 Nc5
26. Ne2 Bf7 27. h4 Rc6 28. f4 exf4 29. Nxf4 ({But not} 29. Qxf4 {[#]} Bxb3 $1
30. Qh6 Bc4 $15) 29... Re8 30. Qd4 Qb6 31. Kh1 (31. Nd5 $1 $14 Bxd5 32. exd5 (
32. Qxd5+ Ne6+ 33. Kh1 Rcc8 $11)) 31... Re5 32. Ra8+ Kg7 33. g5 fxg5 34. Nd5
Bxd5 (34... Qb7 $11 {remains equal.} 35. Rd8 Ne6) 35. exd5 $16 Rc7 {[#]} 36.
Re8 $1 $36 {White is on the roll.} Nd7 $2 (36... Rf7 $16 37. Rxe5 dxe5 38.
Qxe5+ Qf6 39. Qxg5 Qc3) 37. Re7+ $1 $18 {White is clearly winning.} Kf6 38.
Qxb6 ({Weaker is} 38. Rxh7 Qxd4 39. Rxd4 Re2 $11) 38... Nxb6 39. Rxc7 1-0